000 00948cam a22002891 4500
001 13432
003 BD-RjUL
005 20211208235443.0
008 140201r19471940nyua b 001 0 eng d
035 _a(BD-RjUL)13483
035 _a(OCoLC)785252
040 _aDLC
_cOTMC
_dOCoLC
_dDLC
_dBD-RjUL
_beng
041 _aeng
082 0 0 _a616.0756
_bBOB 1947
100 1 _aBodansky, Meyer,
_d1896-
_941881
245 1 0 _aBiochemistry of disease /
_cby Meyer Bodansky and Oscar Bodansky.
260 _aNew York :
_bThe Macmillan Company,
_c1940 [reprinted 1947].
300 _avii p., 2 l., 684 p. :
_bfront., tables (1 fold.) diagrs.
_c24 cm.
490 0 _aThe Macmillan medical monographs
504 _aBibliography at end of each chapter and index.
650 0 _aBiochemistry.
_941882
650 0 _aPathology.
_941883
700 1 _aBodansky, Oscar,
_d1901-
_ejoint author.
_939090
942 _2ddc
_cBK
999 _c13432
_d13432